00640nam a2200229 a 4500001001300000003000900013005001700022008004100039020001000080082001300090100001900103245003300122260004300155300000900198500003500207505001000242650001400252902000800266942000700274952011400281999001500395nice12345678IN_TiNIC20260116012505.0050524s1969 kana grp 000 0 eng  ac10000a330bBHA aBhatnagar, K P aHistory of Economic Thought. aKanpurbKishore Publishing Housec1969 a483p aincludes index and biblioraphy2 aIndex aEconomics bSRS cBK 001040708StackRoom-aHMIbHMId2007-04-19g100.00l0o330 BHAp013894r2007-04-19v100.00w2005-05-24yBK c7210d7210